| 000 | 00347nam a2200145Ia 4500 | ||
|---|---|---|---|
| 008 | 230917s9999||||xx |||||||||||||| ||und|| | ||
| 040 |
_e128850 _aMAIN |
||
| 041 | _aEnglish | ||
| 082 | _a341.23 A67A | ||
| 100 | _aArora, Vijay Kumar | ||
| 245 | 0 | _aAntrarashtriya sanghthan | |
| 260 |
_aDelhi _bSarswati _c1974 |
||
| 300 | _a317 p. | ||
| 942 | _cBK | ||
| 999 |
_c144322 _d144322 |
||